Statistiques concernant Meilleurs Passeurs des 5 grands championnats depuis 2000

Cliquez ici pour prendre le quiz!

Statistiques générales

  • Ce quiz a été pris 113 fois
  • Le résultat moyen est 57 sur 120

Statistiques - réponses

SaisonClubMeilleur ButeurNombre de Buts% Correct
2015-2016FC BarceloneLionel Messi16
97%
2022-2023Paris SGLionel Messi16
97%
2014-2015FC BarceloneLionel Messi18
97%
2019-2020FC BarceloneLionel Messi21
97%
2010-2011FC BarceloneLionel Messi18
97%
2022-2023Manchester CityKevin De Bruyne16
96%
2014-2015VFL WolfsburgKevin De Bruyne20
96%
2019-2020Manchester CityKevin De Bruyne20
96%
2017-2018Manchester CityKevin De Bruyne16
96%
2016-2017Manchester CityKevin De Bruyne18
96%
2017-2018Paris SGNeymar13
89%
2020-2021Tottenham HotspurHarry Kane14
87%
2021-2022Liverpool FCMohamed Salah13
87%
2022-2023Atlético MadridAntoine Griezmann16
85%
2012-2013FC BarceloneAndrés Iniesta16
83%
2002-2003Arsenal FCThierry Henry20
83%
2009-2010FC BarceloneXavi14
83%
2008-2009FC BarceloneXavi20
83%
2021-2022Paris SGKylian Mbappé17
82%
2015-2016Paris SGAngel Di Maria18
81%
2019-2020Paris SGAngel Di Maria14
81%
2013-2014Real Madrid CFAngel Di Maria17
81%
2014-2015Olympique de MarseilleDimitri Payet16
80%
2011-2012Real Madrid CFMesut Ozil17
80%
2009-2010Werder BrêmeMesut Ozil16
80%
2015-2016Arsenal FCMesut Ozil19
80%
2016-2017FC BarceloneLuis Suarez13
77%
2019-2020Bayern MunichThomas Muller21
77%
2017-2018Bayern MunichThomas Muller14
77%
2021-2022Bayern MunichThomas Muller18
77%
2020-2021Bayern MunichThomas Muller18
77%
2018-2019Chelsea FCEden Hazard15
76%
2011-2012Lille OSCEden Hazard15
76%
2020-2021Celta de VigoIago Aspas13
73%
2013-2014Borussia DortmundMarco Reus14
71%
2021-2022FC BarceloneOusmane Dembélé13
69%
2006-2007Manchester UnitedWayne Rooney11
69%
2009-2010Chelsea FCFrank Lampard14
68%
2004-2005Chelsea FCFrank Lampard18
68%
2000-2001Juventus TurinZinédine Zidane13
67%
2003-2004Real Madrid CFZinédine Zidane12
67%
2011-2012Manchester CityDavid Silva15
66%
2013-2014Liverpool FCSteven Gerrard13
65%
2005-2006FC BarceloneRonaldinho18
64%
2004-2005FC BarceloneRonaldinho15
64%
2009-2010AC MilanRonaldinho14
64%
1999-2000Olympique de MarseilleRobert Pirès9
61%
2001-2002Arsenal FCRobert Pirès15
61%
2013-2014AS RomeFrancesco Totti10
56%
2020-2021Olympique LyonnaisMemphis Depay12
54%
2015-2016Juventus TurinPaul Pogba12
54%
1999-2000Manchester UnitedDavid Beckham15
53%
2000-2001Manchester UnitedDavid Beckham12
53%
2005-2006Chelsea FCDidier Drogba11
53%
2007-2008Arsenal FCCesc Fabregas16
52%
2014-2015Chelsea FCCesc Fabregas18
52%
2011-2012Bayern MunichFranck Ribéry12
52%
2012-2013Bayern MunichFranck Ribéry14
52%
2002-2003Real Madrid CFLuis Figo14
52%
2000-2001Real Madrid CFLuis Figo17
52%
2018-2019SSC NaplesDries Mertens11
50%
2011-2012Juventus TurinAndrea Pirlo13
49%
2008-2009Arsenal FCRobin Van Persie10
48%
1999-2000Juventus TurinAlessandro Del Piero14
47%
2022-2023SSC NaplesKhvicha Kvaratskhelia10
47%
2004-2005Milan ACKaka13
46%
2007-2008AC MilanKaka11
46%
2018-2019Nîmes OlympiqueTéji Savanier13
46%
2021-2022US SassuoloDomenico Berardi15
45%
2014-2015SSC NaplesMarek Hamsik10
43%
2012-2013SSC NaplesMarek Hamsik14
43%
2010-2011Manchester UnitedNani14
41%
2019-2020Atalanta BCAlejandro Gomez16
40%
2018-2019Borussia DortmundJadon Sancho14
40%
2013-2014AS MonacoJames Rodriguez12
40%
2010-2011FC Sochaux-MontbéliardMarvin Martin17
38%
2012-2013Olympique de MarseilleMathieu Valbuena12
38%
2022-2023Borussia DortmundRaphael Guerreiro12
35%
2006-2007FC BarceloneDeco12
33%
2012-2013Chelsea FCJuan Mata12
32%
2016-2017RB LeipzigEmil Forsberg19
29%
2009-2010Olympique de MarseilleLucho Gonzalez11
27%
2017-2018Lazio RomeLuis Alberto14
26%
2016-2017SSC NaplesJosé Callejon12
23%
2002-2003AS MonacoJérôme Rothen13
22%
1999-2000FC ValenceClaudio Lopez9
21%
2002-2003Lazio RomeClaudio Lopez14
21%
2016-2017Olympique de MarseilleMorgan Sanson12
19%
2005-2006Werder BrêmeJohan Micoud14
18%
2006-2007Werder BrêmeMiroslav Klose15
17%
2018-2019Séville FCPablo Sarabia13
17%
2008-2009Lille OSCMichel Bastos9
16%
2000-2001FC NantesEric Carrière11
15%
2001-2002Olympique LyonnaisEric Carrière8
15%
2007-2008Werder BrêmeDiego11
13%
2015-2016Borussia DortmundHenrikh Mkhitaryan15
13%
2001-2002FC BarcelonePatrick Kluivert11
12%
2004-2005Stade Rennais FCOlivier Monterrubio10
10%
2005-2006Stade Rennais FCOlivier Monterrubio10
10%
2007-2008Stade Rennais FCJérôme Leroy10
9%
2017-2018Villarreal CFPablo Fornals12
7%
2020-2021Atalanta BCRuslan Malinovskyi12
7%
2006-2007ACF FiorentinaAdrian Mutu10
4%
2003-2004AS RomeMancini11
3%
2003-2004AJ AuxerreYann Lachuer11
3%
2001-2002Bayer LeverkusenZé Roberto17
3%
1999-2000Bayern MunichStefan Effenberg12
2%
2004-2005VFB StuttgartAleksandr Hleb14
1%
2010-2011FC KaiserslauternChristian Tiffert17
1%
2008-2009VFL WolfsburgZvjezdan Misimovic20
1%
2010-2011Cagliari CalcioAndrea Cossu13
0%
2007-2008RCD MallorcaAriel Ibagaza15
0%
2006-2007AS Nancy LorraineBenjamin Gavanon8
0%
2001-2002AC Chievo VeroneEugenio Corini13
0%
2003-2004Bayer LeverkusenFrança13
0%
2000-2001Eintracht FrancfortHorst Heldt12
0%
2005-2006Lazio RomeMassimo Oddo13
0%
2002-2003Hambourg SVMehdi Mahdavikia14
0%
2008-2009Cagliari CalcioMichele Fini13
0%
2003-2004Leicester City FCMuzzy Izzet14
0%

Distribution des résultats

Percentile par nombre de réponses

% des personnes avec chaque résultat

Votre développement - résultats

Vous n’avez pas pris ce quiz